000 01756nam a2200265Ia 4500
999 _c47228
_d47228
001 14088
003 GE_BSU
005 20241104163012.0
008 181216s1977||||ge |||||||||||||| ||rus||
040 _cGE_BSU
050 _arus
080 _a1(479.22)(092)+902.2(569.4)+008(479.22)(09)+27-788(=353.1)(569.4) Ч-28
100 _aЧачанидзе, В. И.
_923613
245 _aПетр Ивер и археологические раскопки грузинского монастыря в Иерусалиме = Peter the Iberian and archaeological excavations of the Georgian monastery in Ierusalem /
_cВ. И. Чачанидзе ; Редактор профессор С. Я. Енукашвили ; Академия наук Грузинской ССР, Институт философии.
264 _aТбилиси :
_bМецниереба,
_c1977.
300 _a235 стр. :
_b1 л. ил. ;
_c22 см.
500 _aბიბლიოგრაფია ტექსტის შენიშვნებში
500 _aტექსტი ინგლისურ, ფრანგულ და იტალიურ ენებზე
500 _aრეზიუმე ფრანგულ და ინგლისურ ენებზე
653 _aПетр Ивер и археологические раскопки грузинского монастыря в Иерусалиме
653 _aარქეოლოგია
653 _aპეტრე იბერიელი და ქართული მონასტრის არქეოლოგიური გათხრები იერუსალიმში
700 _aЕнукашвили, С.
_cРедактор
_923614
942 _cBK
_2udc